Μαθήματα προγραμματισμού : εισαγωγή με τη γλώσσα Pascal

Saved in:
Bibliographic Details
Main Author: Αλεβίζος, Θ.
Other Authors: Καμπουρέλης, Α.
Format: Book
Language:Greek
Published: Αθήνα : Θυμέλη, 1992
Edition:2η έκδ.
Subjects:
Tags: Add Tag
No Tags, Be the first to tag this record!

MARC

LEADER 00000cam a2200000 i 4500
001 1/66069
008 980907s1992 gre d
035 |l 10029754 
040 |a GR-MY-UA  |b gre  |e aacr 
041 0 |a gre 
082 0 |a 005.133 
100 1 |a Αλεβίζος, Θ. 
245 1 0 |a Μαθήματα προγραμματισμού :  |b εισαγωγή με τη γλώσσα Pascal /  |c Θ.Αλεβίζος, Α.Καμπουρέλης 
250 |a 2η έκδ. 
260 |a Αθήνα :   |b Θυμέλη,   |c 1992 
300 |a viii, 463 σ. 
504 |a Περιλαμβάνει ευρετήριο-λεξικό αγγλικών και ελληνικών όρων 
650 0 0 |a Pascal (Computer program language) 
700 1 |a Καμπουρέλης, Α. 
852 |a INST  |b CHIOS  |e 19980907  |h 005.133 ΑΛΕ  |p 005200015674  |q 005200015674  |t BK  |y 0 
901 |a BIBL-1998-3 
909 |a Χ  |b 054785 
922 |a 2ΔΩΡ  |b 199809  |c Παπαδόπουλος